|
|
|
|
| LEADER |
00641nam a22001932a 4500 |
| 001 |
001727276 |
| 003 |
CZ BrMZK |
| 005 |
20200625092516.0 |
| 007 |
ta |
| 008 |
200128s1967 xo er|||||||||||slo d |
| 040 |
|
|
|a BOA001
|b cze
|e aacr2
|
| 100 |
1 |
|
|a Kret, Anton,
|d 1930-2019
|7 jn19990004657
|4 aut
|
| 245 |
1 |
0 |
|a K otázkám vzťahov slovenského a sovietského divadelníctva /
|c Anton Kret
|
| 260 |
|
|
|a Bratislava :
|b Sväz slovenských divadelných umelcov,
|c 1967
|
| 300 |
|
|
|a 43 s.
|
| 910 |
|
|
|a BOA001
|b X2-0603.451
|
| 990 |
|
|
|a BK
|
| 991 |
|
|
|b 202001
|
| 996 |
7 |
|
|b 2618865430
|c X2-0603.451
|l MZK
|r Sklad / do 24 hodin
|n 0
|w 001778815
|u 000010
|a 1
|e BOA001
|j MZK50
|s A
|